|
|
|
|
| LEADER |
01800nam a2200457 i 4500 |
| 001 |
EBC4678298 |
| 003 |
MiAaPQ |
| 005 |
20200520144314.0 |
| 006 |
m o d | |
| 007 |
cr cnu|||||||| |
| 008 |
160815t20172017njua ob 001 0 eng|d |
| 020 |
|
|
|z 9781118834626 (pbk.)
|
| 020 |
|
|
|z 9781118834626
|
| 020 |
|
|
|a 9781118834756
|q (electronic bk.)
|
| 035 |
|
|
|a (MiAaPQ)EBC4678298
|
| 035 |
|
|
|a (Au-PeEL)EBL4678298
|
| 035 |
|
|
|a (CaPaEBR)ebr11263127
|
| 035 |
|
|
|a (CaONFJC)MIL956161
|
| 035 |
|
|
|a (OCoLC)958516945
|
| 040 |
|
|
|a MiAaPQ
|b eng
|e rda
|e pn
|c MiAaPQ
|d MiAaPQ
|
| 050 |
|
4 |
|a HD31.2
|b .S65 2017
|
| 082 |
0 |
|
|a 658.4/038
|2 23
|
| 100 |
1 |
|
|a Srinivasan, Venkat,
|d 1956-
|e author.
|
| 245 |
1 |
4 |
|a The intelligent enterprise in the era of big data /
|c Venkat Srinivasan.
|
| 264 |
|
1 |
|a Hoboken, New Jersey :
|b John Wiley & Sons,
|c [2017]
|
| 264 |
|
4 |
|c 2017
|
| 300 |
|
|
|a 1 online resource (219 pages) :
|b color illustrations
|
| 336 |
|
|
|a text
|2 rdacontent
|
| 337 |
|
|
|a computer
|2 rdamedia
|
| 338 |
|
|
|a online resource
|2 rdacarrier
|
| 500 |
|
|
|a Includes index.
|
| 504 |
|
|
|a Includes bibliographical references and index.
|
| 588 |
|
|
|a Description based on print version record.
|
| 590 |
|
|
|a Electronic reproduction. Ann Arbor, MI : ProQuest, 2016. Available via World Wide Web. Access may be limited to ProQuest affiliated libraries.
|
| 650 |
|
0 |
|a Industrial management.
|
| 650 |
|
0 |
|a Organizational effectiveness.
|
| 650 |
|
0 |
|a Big data.
|
| 655 |
|
4 |
|a Electronic books.
|
| 776 |
0 |
8 |
|i Print version:
|a Srinivasan, Venkat.
|t Intelligent enterprise in the era of big data.
|d Hoboken, New Jersey : John Wiley & Sons, [2017]
|z 9781118834626
|w (DLC)19292836
|
| 797 |
2 |
|
|a ProQuest (Firm)
|
| 856 |
4 |
0 |
|u https://ebookcentral.proquest.com/lib/matrademy/detail.action?docID=4678298
|z Click to View
|